000
00332nam a22001457a 4500
008
210322b ||||| |||| 00| 0 eng d
020
_a
2900073379615
041
_a
eng
080
_2
13th
_a
330.722.6
082
_a
330.722.6
100
_a
62
101
_a
KM
245
_a
Managerial Accounting
_c
Garrison, R. H
942
_2
udc
_c
BK
999
_c
56646
_d
56646